<?xml version="1.0" encoding="UTF-8"?><?xml-stylesheet type="text/xsl" href="static/style.xsl"?><OAI-PMH xmlns="http://www.openarchives.org/OAI/2.0/" xmlns:xsi="http://www.w3.org/2001/XMLSchema-instance" xsi:schemaLocation="http://www.openarchives.org/OAI/2.0/ http://www.openarchives.org/OAI/2.0/OAI-PMH.xsd"><responseDate>2026-04-29T04:37:11Z</responseDate><request verb="GetRecord" identifier="oai:riubu.ubu.es:10259/6386" metadataPrefix="marc">https://riubu.ubu.es/oai/request</request><GetRecord><record><header><identifier>oai:riubu.ubu.es:10259/6386</identifier><datestamp>2022-11-30T11:15:35Z</datestamp><setSpec>com_10259_6336</setSpec><setSpec>com_10259_6335</setSpec><setSpec>com_10259.4_106</setSpec><setSpec>com_10259_2604</setSpec><setSpec>com_10259_3830</setSpec><setSpec>com_10259_5086</setSpec><setSpec>col_10259_6337</setSpec><setSpec>col_10259_3832</setSpec></header><metadata><record xmlns="http://www.loc.gov/MARC21/slim" xmlns:doc="http://www.lyncode.com/xoai" xmlns:xsi="http://www.w3.org/2001/XMLSchema-instance" xmlns:dcterms="http://purl.org/dc/terms/" xsi:schemaLocation="http://www.loc.gov/MARC21/slim http://www.loc.gov/standards/marcxml/schema/MARC21slim.xsd">
<leader>00925njm 22002777a 4500</leader>
<datafield tag="042" ind1=" " ind2=" ">
<subfield code="a">dc</subfield>
</datafield>
<datafield tag="720" ind1=" " ind2=" ">
<subfield code="a">Martín, Óscar</subfield>
<subfield code="e">author</subfield>
</datafield>
<datafield tag="720" ind1=" " ind2=" ">
<subfield code="a">Ahedo García, Virginia</subfield>
<subfield code="e">author</subfield>
</datafield>
<datafield tag="720" ind1=" " ind2=" ">
<subfield code="a">Santos Martín, José Ignacio</subfield>
<subfield code="e">author</subfield>
</datafield>
<datafield tag="720" ind1=" " ind2=" ">
<subfield code="a">Galán Ordax, José Manuel</subfield>
<subfield code="e">author</subfield>
</datafield>
<datafield tag="260" ind1=" " ind2=" ">
<subfield code="c">2022-01</subfield>
</datafield>
<datafield tag="520" ind1=" " ind2=" ">
<subfield code="a">Resistance spot welding (RSW) is a widespread manufacturing process in the automotive industry. There are different approaches for assessing the quality level of RSW joints. Multi-input-single-output methods, which take as inputs either the intrinsic parameters of the welding process or ultrasonic nondestructive testing variables, are commonly used. This work demonstrates that the combined use of both types of inputs can significantly improve the already competitive approach based exclusively on ultrasonic analyses. The use of stacking of tree ensemble models as classifiers dominates the classification results in terms of accuracy, F-measure and area under the receiver operating characteristic curve metrics. Through variable importance analyses, the results show that although the welding process parameters are less relevant than the ultrasonic testing variables, some of the former provide marginal information not fully captured by the latter.</subfield>
</datafield>
<datafield tag="024" ind2=" " ind1="8">
<subfield code="a">http://hdl.handle.net/10259/6386</subfield>
</datafield>
<datafield tag="024" ind2=" " ind1="8">
<subfield code="a">10.1109/ACCESS.2022.3142515</subfield>
</datafield>
<datafield tag="024" ind2=" " ind1="8">
<subfield code="a">2169-3536</subfield>
</datafield>
<datafield ind1=" " ind2=" " tag="653">
<subfield code="a">Resistance spot welding</subfield>
</datafield>
<datafield ind1=" " ind2=" " tag="653">
<subfield code="a">Quality control</subfield>
</datafield>
<datafield ind1=" " ind2=" " tag="653">
<subfield code="a">Welding parameters</subfield>
</datafield>
<datafield ind1=" " ind2=" " tag="653">
<subfield code="a">Ultrasonic testing</subfield>
</datafield>
<datafield ind1=" " ind2=" " tag="653">
<subfield code="a">Tree ensembles</subfield>
</datafield>
<datafield ind1=" " ind2=" " tag="653">
<subfield code="a">Stacking</subfield>
</datafield>
<datafield ind1=" " ind2=" " tag="653">
<subfield code="a">Welding</subfield>
</datafield>
<datafield ind1=" " ind2=" " tag="653">
<subfield code="a">Acoustics</subfield>
</datafield>
<datafield ind1=" " ind2=" " tag="653">
<subfield code="a">Classification algorithms</subfield>
</datafield>
<datafield ind1=" " ind2=" " tag="653">
<subfield code="a">Electrodes</subfield>
</datafield>
<datafield ind1=" " ind2=" " tag="653">
<subfield code="a">Steel</subfield>
</datafield>
<datafield ind1=" " ind2=" " tag="653">
<subfield code="a">Boosting</subfield>
</datafield>
<datafield ind1=" " ind2=" " tag="653">
<subfield code="a">Testing</subfield>
</datafield>
<datafield tag="245" ind1="0" ind2="0">
<subfield code="a">Comparative study of classification algorithms for quality assessment of resistance spot welding joints from preand post-welding inputs</subfield>
</datafield>
</record></metadata></record></GetRecord></OAI-PMH>